Mechanical behavior of engineering materials (Record no. 22120)

000 -LEADER
fixed length control field 00506nam a22001931 4500
001 - CONTROL NUMBER
control field 22120
003 - CONTROL NUMBER IDENTIFIER
control field BD-DhUET
008 - FIXED-LENGTH DATA ELEMENTS--GENERAL INFORMATION
fixed length control field 800331s1962 paua b s000 0 eng
040 ## - CATALOGING SOURCE
Original cataloging agency DLC
Transcribing agency TxCM
Modifying agency BD-DhUET
082 ## - DEWEY DECIMAL CLASSIFICATION NUMBER
Classification number 620.1
Item number MAR/1963
100 ## - MAIN ENTRY--PERSONAL NAME
Personal name Marin, Joseph
245 10 - TITLE STATEMENT
Title Mechanical behavior of engineering materials
250 ## - EDITION STATEMENT
Edition statement 1st ed.
260 ## - PUBLICATION, DISTRIBUTION, ETC. (IMPRINT)
Place of publication, distribution, etc. New Jersey
Name of publisher, distributor, etc. Prentice-Hall
Date of publication, distribution, etc. 1963
300 ## - PHYSICAL DESCRIPTION
Extent x, 502 p.
Other physical details ill.
504 ## - BIBLIOGRAPHY, ETC. NOTE
Bibliography, etc Includes bibliographies
650 #0 - SUBJECT ADDED ENTRY--TOPICAL TERM
Topical term or geographic name as entry element Applied mechanics
942 ## - ADDED ENTRY ELEMENTS (KOHA)
Koha item type General Book
Holdings
Lost status Copy number Sublocation or collection (holding branch) Piece designation (barcode) Withdrawn status Location (home branch) Koha date last borrowed Damaged status Not for loan Koha normalized classification for sorting Price effective from Koha issues (times borrowed) Date acquired Koha item type Koha out on loan Shelving location Source of classification or shelving scheme Koha date last seen Koha full call number
 1Central Library, BUET21007 Central Library, BUET   620_100000000000000_MAR_19632015-04-23 2015-04-23General Book Circulation section 2015-04-23620.1/MAR/1963
 2Central Library, BUET1571 Central Library, BUET2022-07-03  620_100000000000000_MAR_19632015-04-2312015-04-23General Book2023-07-03Circulation section 2022-07-03620.1/MAR/1963
 3Central Library, BUET1570 Central Library, BUET   620_100000000000000_MAR_19632015-04-25 2015-04-25General Book Circulation section 2015-04-25620.1/MAR/1963
 4Central Library, BUET25732 Central Library, BUET   620_100000000000000_MAR_19632015-04-30 2015-04-30General Book Circulation section 2015-04-30620.1/MAR/1963
 5Central Library, BUET17659 Central Library, BUET   620_100000000000000_MAR_19632015-08-23 2015-08-23General Book Circulation section 2015-08-23620.1/MAR/1963